000 00430nam a22001217a 4500
040 _cRUA
082 _aA110 ប្រាជ្ញ 2015 C160 Or.1
100 _aប្រាជ្ញ វិជ័យ,
245 _a១០០រឿងដែលកួរយល់ដឹងពីប្រទេសហ៊្វីលីពិន
260 _aPHNOM PENH
_bRUA
_c2015
300 _a196p.
_bill.
_c22cm.
942 _cអភិវឌ្ឍន៍
999 _c25676
_d25676